| 000 -LEADER |
| fixed length control field |
01285cam a2200313 a 4500 |
| 001 - CONTROL NUMBER |
| control field |
vtls001281042 |
| 003 - CONTROL NUMBER IDENTIFIER |
| control field |
VRT |
| 005 - DATE AND TIME OF LATEST TRANSACTION |
| control field |
20220808152048.0 |
| 008 - FIXED-LENGTH DATA ELEMENTS--GENERAL INFORMATION |
| fixed length control field |
100225r20092008nyua c 001 0 eng |
| 010 ## - LIBRARY OF CONGRESS CONTROL NUMBER |
| LC control number |
2008-061112 |
| 020 ## - INTERNATIONAL STANDARD BOOK NUMBER |
| International Standard Book Number |
9781742523644 |
| 035 ## - SYSTEM CONTROL NUMBER |
| System control number |
(OCoLC)214286058 |
| 040 ## - CATALOGING SOURCE |
| Original cataloging agency |
DLC |
| Language of cataloging |
eng |
| Modifying agency |
TKU |
| -- |
IG# |
| -- |
BTCTA |
| -- |
BAKER |
| -- |
OCO |
| -- |
VP@ |
| -- |
XY4 |
| -- |
NYP |
| -- |
G8V |
| -- |
UPZ |
| Transcribing agency |
KH8 |
| 042 ## - AUTHENTICATION CODE |
| Authentication code |
nbic |
| 082 ## - DEWEY DECIMAL CLASSIFICATION NUMBER |
| Classification number |
609 MUR |
| 100 1# - MAIN ENTRY--PERSONAL NAME |
| Personal name |
Murphy, Glenn. |
| Relator term |
Author |
| 245 10 - TITLE STATEMENT |
| Title |
Inventions / |
| Statement of responsibility, etc. |
Glenn Murphy. |
| 250 ## - EDITION STATEMENT |
| Edition statement |
1st U.S. ed. |
| 260 ## - PUBLICATION, DISTRIBUTION, ETC. |
| Place of publication, distribution, etc. |
London : |
| Name of publisher, distributor, etc. |
POPULAR UK PTE LTD, |
| Date of publication, distribution, etc. |
2013. |
| 300 ## - PHYSICAL DESCRIPTION |
| Extent |
64 p. : |
| Other physical details |
col. ill. ; |
| Dimensions |
27 cm. |
| 440 ## - SERIES STATEMENT/ADDED ENTRY--TITLE |
| Title |
Insiders. |
| 500 ## - GENERAL NOTE |
| General note |
Originally published: Sydney, NSW : Weldon Owen, 2008. |
| 500 ## - GENERAL NOTE |
| General note |
Includes index. |
| 505 0# - FORMATTED CONTENTS NOTE |
| Formatted contents note |
Wheel -- Sail -- Clock -- Windmill -- Printing press -- Telescope -- Engine -- Camera -- Train -- Music player -- Power station -- Telephone -- Submarine -- Automobile -- Airship -- Airplane -- Radio and TV -- Computer -- Rocket -- Surgery -- Lock and key -- Bionics -- Internet. |
| 520 ## - SUMMARY, ETC. |
| Summary, etc. |
A brief history of mankind's greatest inventions, from the first firemaking implements to the internet. |
| 650 #0 - SUBJECT ADDED ENTRY--TOPICAL TERM |
| Topical term or geographic name entry element |
Inventions |
| Form subdivision |
Juvenile literature. |
| 650 #0 - SUBJECT ADDED ENTRY--TOPICAL TERM |
| Topical term or geographic name entry element |
Inventions |
| General subdivision |
History |
| Form subdivision |
Juvenile literature. |
| 942 ## - ADDED ENTRY ELEMENTS (KOHA) |
| Source of classification or shelving scheme |
|
| Koha item type |
Books - Non Ficton |